| 000 | 00651nam a2200193 i 4500 | ||
|---|---|---|---|
| 001 | 187718 | ||
| 003 | ES-MaACL | ||
| 005 | 20251014063302.0 | ||
| 008 | 180205s1926 sp |||| | spa d | ||
| 100 | 1 |
_aRibera, José Eugenio, _d1864-1936 _996777 |
|
| 245 | 1 | 0 |
_aCimientos / _cpor José Eugenio Ribera. |
| 260 |
_a[S.l.] : _b[s.n.], _c1926 ( _e[Madrid : _fVoluntad]) |
||
| 300 |
_a368 p. : _bil., gráf ; _c25 cm. |
||
| 490 | 1 |
_aPuentes de fábrica y hormigón armado ; _v2 |
|
| 650 | 4 |
_aCimentaciones. _9156256 |
|
| 830 | 0 |
_aPuentes de fábrica y hormigón armado ; _v2 _9192816 |
|
| 852 |
_aES-MaACL _jA-1339 |
||
| 999 |
_c187718 _d187718 |
||